00531nam a22001457a 4500003000400000005001700004008004100021040001400062100002500076245011400101260000900215300003200224500009600256504003300352OSt20171010095505.0120808t xxu||||| |||| 00| 0 eng d aMMSUcULS aLayaoen, Heraldo L.  aRow spacing and irrigation for mungo (Vigna radiata (L.) Wilzeck) during the dry season cHeraldo L. Layaoen  c1978 axviii, 135 leaves c28 cm.  aThesis (MS Agronomy-Crop Production) -- University of the Philippines, Los Baños, Laguna  aBibliography: leaves 125-133